LEADER 01294cam--2200385---450- 001 990002249610203316 005 20110124121119.0 035 $a000224961 035 $aUSA01000224961 035 $a(ALEPH)000224961USA01 035 $a000224961 100 $a20041207d1980----km-y0itay0103----ba 101 0 $aeng 102 $aUS 105 $a||||||||001yy 200 1 $aCuba's policy in Africa, 1959-1980$fWilliam Leogrande 210 $aBerkeley$cInstitute of international studies, University of California$dc1980 215 $aVII, 82 p.$d23 cm 225 2 $aPolicy papers in international affairs$v13 410 0$12001$aPolicy papers in international affairs$v13 607 $aCuba$xRelazioni internazionali [con l']Africa$z1959-1980 676 $a327.7291 700 1$aLEOGRANDE,$bWilliam M.$0570016 801 0$aIT$bsalbc$gISBD 912 $a990002249610203316 951 $a327.729 LEO 1$b23270 E.C.$c327.729$d00246805 959 $aBK 969 $aECO 979 $aSIAV4$b10$c20041207$lUSA01$h1854 979 $aRSIAV3$b90$c20091110$lUSA01$h1524 979 $aCHIARA$b90$c20110124$lUSA01$h1207 979 $aCHIARA$b90$c20110124$lUSA01$h1208 979 $aCHIARA$b90$c20110124$lUSA01$h1211 996 $aCuba's policy in Africa, 1959-1980$91034252 997 $aUNISA LEADER 04291nam 2200625z- 450 001 9910687997503321 005 20230221133143.0 035 $a(CKB)5400000000048476 035 $a(oapen)https://directory.doabooks.org/handle/20.500.12854/79909 035 $a(EXLCZ)995400000000048476 100 $a20202204d2013 |y 0 101 0 $aslv 135 $aurmn|---annan 181 $ctxt$2rdacontent 182 $cc$2rdamedia 183 $acr$2rdacarrier 200 10$a(Ne)gibanje in vzpostavljanje kraja 210 $aLjubljana$cZRC SAZU, Zalo?ba ZRC$d2013 215 $a1 electronic resource (89 p.) 225 1 $aProstor, kraj, ?as$v2 311 $a961-254-483-2 330 $aMovement and mobility, in its various modes, have strong implications for social, political and cultural dimensions of peoples? daily lives and their broader social realities. The book addresses individual experiences of movement, focusing on spatial and temporal implications of movement and mobility. The core idea is that mobility and movement engender moving places ? places the location of which is not geographically fixed but relative. Places such as home and homeland appear to be fixed and immobile, but in practice they are always contested and depend on practices, imaginaries and politics of movement. They are continuously redefined through given social, political, historical and economic contingencies. The book explores the interrelatedness between spatial configuration and practices and politics of movement, mobility and immobility. Ethnographically, the book explores the specificities of given regions, addressing two basic topics of place-making linked through movement. The first one is relationality, i.e. relations between centres and peripheries as well as relations between people and places as they are generated through movement. Both topics are explored ethnographically and comparatively, enriching theoretical discussion on movement, mobility, immobility and place making. 330 $aKnjiga obravnava posameznikove izku?nje gibanj in se spra?uje o njegovih dru?benih, prostorskih ter ?asovnih posledicah: gibanje posameznikov povzro?a tudi gibanje krajev. Kraji in njihove lokacije niso geografsko stati?ni, temve? so relativni in odnosni. Kraji, kot so dom in domovina, za katere se pogosto zdi, da so sorazmeroma stabilni in nepremakljivi, so pravzaprav nenehno pogojeni in na nek na?in ujeti v prakse, imaginarije in politike gibanj. So odnosi in relacije, katerih pomen in lokacija sta odvisna od dolo?enega dru?benega, ekonomskega, zgodovinskega in naklju?nega konteksta. Knjiga zdru?uje prispevke, ki izhajajo? iz etnografske perspektive naslavljajo gibanja in raziskujejo vzpostavljanje odnosov med ljudmi in kraji ter ustvarjanje relativnih lokacij v razli?nih, a med seboj povezanih obmo?jih v Sloveniji, Albaniji in Argentini. Njihove diskusije naslavljajo dve med seboj prepleteni tematiki. Prva se nana?a na odnosnost med centrom in periferijo, kot tudi med ljudmi in kraji, ki se ustvarjajo skozi gibanje. Druga tematika omenjenega sklopa, pa povezuje koncept korenin in vra?anja, ki je opredeljen kot fizi?no ali simbolno premikanje v dolo?enem kraju in lokaciji. 606 $aSocial & cultural anthropology, ethnography$2bicssc 610 $aAlbania 610 $aArgentina 610 $ae-books 610 $aethnographic aspect 610 $aethnography 610 $ahome 610 $amigrations 610 $amobility 610 $arelative location 610 $aSlovenia 610 $aAlbanija 610 $adom 610 $aelektronske knjige 610 $aetnografija 610 $aetnografski vidik 610 $amigracije 610 $amobilnost 610 $anarodopisje 610 $arelativna lokacija 610 $aSlovenija 615 7$aSocial & cultural anthropology, ethnography 700 $aGregori? Bon$b Nata?a$4edt$01071411 702 $aRepi?$b Jaka$4edt 702 $aJanko Spreizer$b Alenka$4edt 702 $aGregori? Bon$b Nata?a$4oth 702 $aRepi?$b Jaka$4oth 702 $aJanko Spreizer$b Alenka$4oth 906 $aBOOK 912 $a9910687997503321 996 $aNe)gibanje in vzpostavljanje kraja$93197679 997 $aUNINA LEADER 08158nam 2200421 450 001 996337154103316 005 20240214234740.0 024 7 $a10.978.8815/350572 035 $a(CKB)4100000007177625 035 $a(NjHacI)994100000007177625 035 $a(EXLCZ)994100000007177625 100 $a20240214d2018 uy 0 101 0 $aita 135 $aur||||||||||| 181 $ctxt$2rdacontent 182 $cc$2rdamedia 183 $acr$2rdacarrier 200 13$aIl mercato rende diseguali? $eLa distribuzione dei redditi in Italia /$fMaurizio Franzini, Michele Raitano 210 1$aBologna :$cSocieta? editrice il Mulino Spa,$d2018. 215 $a1 online resource (352 pages) 311 $a88-15-35057-8 327 $aRingraziamenti--Introduzione--PARTE PRIMA. LE TENDENZE DELLA DISUGUAGLIANZA NEI REDDITI DI MERCATO: L'ITALIA IN PROSPETTIVA COMPARATA--Capitolo primo--Chi ha raccolto i frutti della crescita economica? La distribuzione funzionale dei redditi 1995-2016--Introduzione--1. La distribuzione funzionale sulla base dei conti dei settori istituzionali--2. La dinamica della remunerazione complessiva del lavoro, del CLUP e del mark-up--Conclusioni--Appendice--Capitolo secondo--Le tendenze della disuguaglianza dei redditi disponibili e di mercato--Introduzione--1. L'evoluzione della disuguaglianza negli ultimi 30 anni--2. La disuguaglianza nei redditi equivalenti prima e dopo la crisi--3. La disuguaglianza salariale e il ruolo dell'istruzione--Conclusioni--Capitolo terzo--La disuguaglianza dei redditi di mercato: una scomposizione per fattori--Introduzione--1. La scomposizione della disuguaglianza per fonti di reddito: aspetti metodologici--2. Il contributo delle diverse componenti del reddito all'evoluzione della disuguaglianza in alcuni paesi europei--Conclusioni--Capitolo quarto--Disuguaglianze territoriali nella distribuzione dei redditi familiari di mercato e disponibili--Introduzione--1. La disuguaglianza dei redditi familiari disponibili tra e nelle regioni italiane--1.1 I dati utilizzati e le configurazioni di reddito scelte--1.2 La misura della disuguaglianza tra le regioni secondo il reddito familiare equivalente disponibile--1.3 La misura della disuguaglianza interna delle regioni secondo il reddito familiare equivalente disponibile--1.4 Disuguaglianze nei redditi familiari disponibili: contano di piu? quelle tra regioni o quelle interne alle regioni?--2. L'impatto redistributivo di imposte e trasferimenti pubblici sulle distribuzioni regionali dei redditi--3. Influenza delle differenze regionali nel costo della vita sulla misura della disuguaglianza tra le regioni in base al reddito familiare disponibile--Conclusioni--PARTE SECONDA. IL MERCATO DEL LAVORO E LE DISUGUAGLIANZE IN ITALIA: APPROFONDIMENTI--Capitolo quinto--L'andamento di lungo periodo della disuguaglianza nei salari--Introduzione--1. Le determinanti della dispersione salariale: un breve sguardo alla letteratura--2. L'andamento della disuguaglianza retributiva nel settore dipendente privato in Italia--3. Lo svuotamento della «classe media»?--Conclusioni--Capitolo sesto--differenziali salariali tra settore pubblico e privato in Italia--Introduzione--1. Il mercato del lavoro nel settore pubblico italiano--1.1. L'occupazione nel settore pubblico: dimensione e struttura--1.2. I differenziali salariali grezzi in Italia--1.3. Il ruolo dell'anzianita? e il superamento dei modelli di job seniority--2. Il premio salariale nel settore pubblico italiano--3. Una prospettiva di genere--4. La differenziazione di salari e premi salariali per tipo di contratto di lavoro--?Considerazioni conclusive--Appendice--1. Metodologie di scomposizione adottate--2. Stime di premio salariale? e discriminazione effettuate con il metodo di Oaxaca-Blinder--Capitolo settimo--La polarizzazione del mercato del lavoro in Europa--Introduzione--1. Evidenza della polarizzazione in Europa--2. Una misura del grado di routinarieta? delle occupazioni e trend in Europa--3. Il ruolo della dinamica inter-settoriale e intra-settoriale--4. Le determinanti della routinizzazione--5. La routinizzazione delle occupazioni e? un driver della disoccupazione?--Conclusioni--Capitolo ottavo--Disuguaglianze di genere nel lavoro e nelle retribuzioni in Italia--?Introduzione--1. Le disuguaglianze di genere: l'Italia nel contesto Europeo--2. Differenziali retributivi di genere per livello di istruzione e area territoriale--Conclusioni--PARTE TERZA. CAPITALE UMANO, TECNOLOGIA, ISTITUZIONI--Capitolo nono--Un'analisi dei differenziali salariali tra neo-laureati nei diversi ambiti scientifico-disciplinari--Introduzione--1. Fatti stilizzati e ipotesi di ricerca--2. I differenziali salariali tra diversi gruppi di lauree--3. La scomposizione dei differenziali salariali tra STEM e non-STEM--Conclusioni--Capitolo decimo--Innovazione e disuguaglianza dei redditi nell'economia italiana: quale legame a livello regionale?--Introduzione--1. L'eterogeneita? territoriale nell'attivita? innovativa e nella distribuzione dei redditi: alcuni dati di contesto--2. Il legame tra innovazione e disuguaglianza: le ipotesi teoriche e l'evidenza empirica--3. Il modello di stima e la verifica empirica dell'ipotesi di reciprocita?--3.1. Il modello--3.2. I dati--3.3. I risultati--Conclusioni--Appendice--Capitolo undicesimo--Tecnologia e disuguaglianze di reddito--Introduzione--1. La natura della tecnologia--2. Tecnologia e impiego di lavoro--3. Tecnologia e qualita? del lavoro--4. Tecnologia e distribuzione del reddito--5. Tecnologia, salari e profitti in Italia--Conclusioni--Capitolo dodicesimo--Il ruolo della contrattazione e delle istituzioni del mercato del lavoro--Introduzione--1. La caduta della wage share: un fenomeno globale--2. Il modello contrattuale italiano--3. Modello contrattuale e quota del lavoro--4. L'influenza del lavoro a tempo determinato--5. Effetti distributivi--Conclusioni--Appendice. Wage share, modello contrattuale e produttivita?--A.1. Salario reale e quota del lavoro dipendente (wage share)--A.3. Il rapporto di reciprocita? e anticiclico tra quota del lavoro dipendente e produttivita? del lavoro--Capitolo tredicesimo--redditi da lavoro e le origini familiari--Introduzione--1. Come misurare la disuguaglianza intergenerazionale--2. Disuguaglianza corrente e intergenerazionale: quali meccanismi?--3. Istruzione e trasmissione intergenerazionale: un confronto fra paesi--4. L'influenza familiare oltre il capitale umano: quale spiegazione per l'Italia?--Conclusioni--Conclusioni--Redistribuire non basta: perche? e come intervenire sulle disuguaglianze di mercato--1. Perche? non basta redistribuire--2. Le politiche e la disuguaglianza di mercato--3. La disuguaglianza di mercato come problema strutturale--4. Le politiche pre-distributive: quali e come?--Conclusioni--Riferimenti bibliografici. 330 $aTroppo spesso il problema delle disuguaglianze viene identificato, se non confuso, con l'intervento dello stato per redistribuire in modo equo la ricchezza tramite prelievo fiscale e spesa pubblica. Il volume intende, invece, attirare l'attenzione sull'impatto che evoluzioni recenti nel funzionamento dei mercati, in primo luogo quello del lavoro, hanno avuto sulle disuguaglianze economiche. A partire da una interpretazione dei fatti piu? rilevanti, si mettono in luce caratteristiche e implicazioni di tale impatto per il funzionamento del sistema economico-sociale nel suo complesso, e si indicano gli interventi di policy piu? appropriati per farvi fronte. L'analisi pone al centro il nostro paese pur fornendo elementi utili per una comparazione a livello europeo e internazionale. 517 $aMercato rende diseguali? 517 $aIl mercato rende diseguali? 606 $aIncome distribution$zItaly 606 $aNational income$xItaly 615 0$aIncome distribution 615 0$aNational income$xItaly. 676 $a339.345 700 $aFranzini$b Maurizio$089280 702 $aRaitano$b Michele 801 0$bNjHacI 801 1$bNjHacl 906 $aBOOK 912 $a996337154103316 996 $aIl mercato rende diseguali$93912155 997 $aUNISA LEADER 03392nam 2200769Ia 450 001 996441549503316 005 20230201182104.0 010 $a1-78268-589-8 010 $a1-280-74361-1 010 $a9781405171939 010 $a0-470-76120-2 010 $a1-4051-6557-X 010 $a0-470-99716-8 010 $a1-4051-7193-6 035 $a(CKB)1000000000341920 035 $a(EBL)284250 035 $a(OCoLC)255651890 035 $a(SSID)ssj0000126113 035 $a(PQKBManifestationID)11139892 035 $a(PQKBTitleCode)TC0000126113 035 $a(PQKBWorkID)10051037 035 $a(PQKB)11247706 035 $a(MiAaPQ)EBC284250 035 $a(MiAaPQ)EBC4956364 035 $a(Au-PeEL)EBL284250 035 $a(CaPaEBR)ebr10159000 035 $a(OCoLC)173818285 035 $a(Au-PeEL)EBL4956364 035 $a(CaONFJC)MIL74361 035 $a(OCoLC)1027144602 035 $a(EXLCZ)991000000000341920 100 $a20060217d2007 uy 0 101 0 $aeng 135 $aur|n|---||||| 181 $ctxt 182 $cc 183 $acr 200 02$aA companion to Greek rhetoric$b[electronic resource] /$fedited by Ian Worthington 205 $a1st ed. 210 $aMalden, Mass. ;$aOxford $cBlackwell$d2007 215 $a1 online resource (635 p.) 225 1 $aBlackwell companions to the ancient world 300 $aDescription based upon print version of record. 311 $a1-4443-3414-X 311 $a1-4051-2551-9 320 $aIncludes bibliographical references and index. 327 $aA COMPANION TO GREEK RHETORIC; Contents; Notes on Contributors; Preface: For Readers ? and Reviewers; Notes; Abbreviations; Speeches of the Attic Orators; Part I Setting the Scene; Part II Rhetoric: A Brief History; Part III Rhetoric and Speeches; Part IV Rhetoric: Political, Social and Intellectual Contexts; Part V Rhetoric and Literature; Bibliography; Index; 330 $aThis complete guide to ancient Greek rhetoric is exceptional both in its chronological range and the breadth of topics it covers. Traces the rise of rhetoric and its uses from Homer to Byzantium. Covers wider-ranging topics such as rhetoric's relationship to knowledge, ethics, religion, law, and emotion. Incorporates new material giving us fresh insights into how the Greeks saw and used rhetoric. Discusses the idea of rhetoric and examines the status of rhetoric studies, present and future. All quotations from ancient sources are translated into English. 410 0$aBlackwell companions to the ancient world. 606 $aRhetoric, Ancient$vHandbooks, manuals, etc 606 $aClassical literature$xHistory and criticism$xTheory, etc$vHandbooks, manuals, etc 606 $aSpeeches, addresses, etc., Greek$xHistory and criticism$xTheory, etc$vHandbooks, manuals, etc 606 $aOratory, Ancient$vHandbooks, manuals, etc 615 0$aRhetoric, Ancient 615 0$aClassical literature$xHistory and criticism$xTheory, etc. 615 0$aSpeeches, addresses, etc., Greek$xHistory and criticism$xTheory, etc. 615 0$aOratory, Ancient 676 $a808.0481 686 $a18.43$2bcl 701 $aWorthington$b Ian$0188258 801 0$bMiAaPQ 801 1$bMiAaPQ 801 2$bMiAaPQ 906 $aBOOK 912 $a996441549503316 996 $aCompanion to Greek rhetoric$91759037 997 $aUNISA